NLSUI OPAC header image

It intermediary rules – 2021 – critical review with impact on citizen rights and economical ramifications (Record no. 217548)

MARC details
000 -LEADER
fixed length control field 00699nam a2200145Ia 4500
005 - DATE AND TIME OF LATEST TRANSACTION
control field 20260209120146.0
008 - FIXED-LENGTH DATA ELEMENTS--GENERAL INFORMATION
fixed length control field 260209s9999||||xx |||||||||||||| ||und||
100 ## - MAIN ENTRY--PERSONAL NAME
Personal name Mahesha C
245 #0 - TITLE STATEMENT
Title It intermediary rules – 2021 – critical review with impact on citizen rights and economical ramifications
260 ## - PUBLICATION, DISTRIBUTION, ETC.
Place of publication, distribution, etc. BangaloreBangalore
Name of publisher, distributor, etc. NLSIU, Bangalore
Date of publication, distribution, etc. 2022
300 ## - PHYSICAL DESCRIPTION
Extent 53 p. ; 25 cm.
505 ## - FORMATTED CONTENTS NOTE
Formatted contents note Digital Media Digital platforms Freedom of Expression Information Technology (Intermediary guidelines and digital media ethics code) rules, 2021
700 ## - ADDED ENTRY--PERSONAL NAME
Personal name Ms. Smitha Krishna Prasad - supervisor Ms. Smitha Krishna Prasad - supervisor
856 ## - ELECTRONIC LOCATION AND ACCESS
Uniform Resource Identifier <a href="https://dans.nls.ac.in/handle/123456789/1150">https://dans.nls.ac.in/handle/123456789/1150</a>
Holdings
Withdrawn status Lost status Damaged status Not for loan Home library Current library Date acquired Total Checkouts Barcode Date last seen Price effective from Koha item type
        . . 09.02.2026   LLM914 09.02.2026 09.02.2026 Dissertation